| 000 | 01067nam0a22003011 4500 | ||
|---|---|---|---|
| 001 | rc\4243163 | ||
| 005 | 20260406072254.0 | ||
| 021 |
_aRU _b[69-11562] |
||
| 035 | _a(NLR Aleph) 008471610 | ||
| 090 |
_a7933247 _c7933247 |
||
| 100 | _a20130416d1968 |||y0rusy50 ca | ||
| 101 | 1 |
_arus _cchm |
|
| 102 | _aRU | ||
| 105 | _aa z |||a| | ||
| 200 | 1 |
_aЗемное притяжение _eРоман _fПер. с мар. В. Чубаковой |
|
| 210 |
_aЙошкар-Ола _cМаркнигоиздат _d1968 |
||
| 215 |
_a271 с. _cил. _d21 |
||
| 300 | _aПеред загл. авт.: Ахмет Асаев | ||
| 606 |
_aКолхозы и колхозники (х. л.) _2psbo |
||
| 607 |
_aМарийская АССР (х. л.) _2psbo |
||
| 700 | 1 |
_8rus _7ca _aАсылбаев _bА. А. _f1912- _gАхмет Асылбаевич _cмар. писатель _3RU\NLR\auth-onl\7767 _9130127 |
|
| 702 | 1 |
_aЧубакова _bВ. _4730 |
|
| 801 | 0 |
_aRU _bNLR _gpsbo |
|
| 801 | 1 |
_aRU _bELAR _2rusmarc |
|
| 852 |
_aNLR _j69-3/2817 |
||
| 942 | _cBOOK | ||
| 980 | _aNB | ||